[Event "TUN-chTB"]
[Site "Hammamet"]
[Date "2019.03.10"]
[Round "6.1"]
[White "Douissa, Oussama"]
[Black "Azouz, Boubaker"]
[Result "1-0"]
[WhiteElo "2250"]
[BlackElo "2103"]
[PlyCount "77"]
[EventDate "2019.02.09"]
[EventType "team-tourn"]
[EventRounds "11"]
[EventCountry "TUN"]
[SourceTitle "EXT 2021"]
[Source "ChessBase"]
[SourceDate "2020.10.23"]
[SourceVersion "1"]
[SourceVersionDate "2020.10.23"]
[SourceQuality "1"]

1. e4 c5 2. Nc3 Nc6 3. Bb5 Nd4 4. Bc4 e6 5. Nf3 a6 6. d3 Nc6 7. d4 cxd4 8. Nxd4 Bb4 9. 0-0 Nf6 10. Nxc6 dxc6 11. Qe2 Qa5 12. Bd2 0-0 13. a3 Bxc3 14. Bxc3 Qg5 15. f4 Qh5 16. Qxh5 Nxh5 17. e5 g6 18. g4 Ng7 19. Bb4 Re8 20. a4 b6 21. Rfd1 h5 22. h3 hxg4 23. hxg4 c5 24. Be1 Bb7 25. Be2 Red8 26. Bh4 Rxd1+ 27. Rxd1 Ne8 28. Rd8 Rxd8 29. Bxd8 Bc6 30. Bxb6 Bxa4 31. Bxa6 Bxc2 32. Bb5 Ng7 33. Kf2 Bb3 34. Bxc5 Kh7 35. Kg3 Kh6 36. Kh4 Kh7 37. Kg5 Kg8 38. Bd7 Kh7 39. Bc6 1-0

[Event "TUN-chTB"]
[Site "Hammamet"]
[Date "2019.02.09"]
[Round "1.1"]
[White "Yacine, Ben Thabet"]
[Black "Azouz, Boubaker"]
[Result "0-1"]
[WhiteElo "1907"]
[BlackElo "2103"]
[PlyCount "45"]
[EventDate "2019.02.09"]
[EventType "team-tourn"]
[EventRounds "11"]
[EventCountry "TUN"]
[SourceTitle "EXT 2021"]
[Source "ChessBase"]
[SourceDate "2020.10.23"]
[SourceVersion "1"]
[SourceVersionDate "2020.10.23"]
[SourceQuality "1"]

1. d4 Nf6 2. Nf3 g6 3. c4 Bg7 4. g3 0-0 5. Bg2 c6 6. 0-0 d5 7. cxd5 cxd5 8. Nc3 Nc6 9. Bf4 Nh5 10. Bc1 e6 11. e3 b6 12. b3 Ba6 13. Re1 Rc8 14. Bb2 Re8 15. Bf1 Bb7 16. Bb5 a6 17. Bd3 e5 18. dxe5 Nxe5 19. Nd4 Nf6 20. Bf1 b5 21. Bg2 Qb6 22. Nc2 Ne4 23. Nd4 0-1

[Event "Ariana Ramadan op U2200"]
[Site "Ariana"]
[Date "2018.05.29"]
[Round "3"]
[White "Azouz, Boubaker"]
[Black "Sayari, Sofien"]
[Result "1-0"]
[WhiteElo "2087"]
[BlackElo "1682"]
[PlyCount "49"]
[EventDate "2018.05.27"]
[EventType "swiss"]
[EventRounds "9"]
[EventCountry "TUN"]
[SourceTitle "EXT 2019"]
[Source "ChessBase"]
[SourceDate "2018.10.10"]
[SourceVersion "1"]
[SourceVersionDate "2018.10.10"]
[SourceQuality "1"]

1. e4 c5 2. Nf3 d6 3. d4 cxd4 4. Nxd4 Nf6 5. Nc3 a6 6. Bg5 e6 7. f4 Nbd7 8. Qf3 Qc7 9. 0-0-0 b5 10. Bd3 Bb7 11. Rhe1 Be7 12. g4 h6 13. Bh4 g5 14. fxg5 Ne5 15. Qg3 Nfxg4 16. g6 Bxh4 17. Qxh4 Nxd3+ 18. cxd3 Ne5 19. gxf7+ Qxf7 20. Rf1 Qe7 21. Rf6 Kd7 22. Nxe6 Ng4 23. Nc5+ Kc7 24. Qxg4 dxc5 25. Qf4+ 1-0

[Event "Ariana Ramadan op U2200"]
[Site "Ariana"]
[Date "2018.05.28"]
[Round "2"]
[White "Aroua, Ahmed"]
[Black "Azouz, Boubaker"]
[Result "0-1"]
[WhiteElo "1518"]
[BlackElo "2087"]
[PlyCount "56"]
[EventDate "2018.05.27"]
[EventType "swiss"]
[EventRounds "9"]
[EventCountry "TUN"]
[SourceTitle "EXT 2019"]
[Source "ChessBase"]
[SourceDate "2018.10.10"]
[SourceVersion "1"]
[SourceVersionDate "2018.10.10"]
[SourceQuality "1"]

1. e4 c5 2. Nf3 d6 3. d4 cxd4 4. c3 dxc3 5. Nxc3 Nc6 6. Bc4 e6 7. Qe2 Be7 8. h4 Nf6 9. Bg5 h6 10. Bf4 a6 11. 0-0-0 Qc7 12. Kb1 0-0 13. Ng5 b5 14. Bb3 Na5 15. e5 dxe5 16. Bxe5 Qc6 17. Bc2 Bb7 18. Bxf6 Bxf6 19. Bh7+ Kh8 20. Be4 Qc7 21. Bxb7 Qxb7 22. Qd3 g6 23. Nce4 Bg7 24. Nd6 Qe7 25. Ndxf7+ Rxf7 26. Qxg6 hxg5 27. hxg5+ Kg8 28. Rh7 Rxf2 0-1

[Event "Hammamet Carthage op 1st"]
[Site "Hammamet"]
[Date "2015.10.11"]
[Round "9"]
[White "Boussama, Hmida"]
[Black "Azouz, Boubaker"]
[Result "1/2-1/2"]
[WhiteElo "1948"]
[BlackElo "2123"]
[PlyCount "120"]
[EventDate "2015.10.04"]
[EventType "swiss"]
[EventRounds "9"]
[EventCountry "TUN"]
[SourceTitle "CBM 168 Extra"]
[Source "ChessBase"]
[SourceDate "2015.10.29"]
[SourceVersion "1"]
[SourceVersionDate "2015.10.29"]
[SourceQuality "1"]

1. e4 c5 2. Nf3 d6 3. Bb5+ Bd7 4. Nc3 Nc6 5. 0-0 e6 6. d4 cxd4 7. Nxd4 Nf6 8. Be3 Be7 9. f4 Qc7 10. Qf3 0-0 11. Rf2 a6 12. Bd3 b5 13. Nxc6 Bxc6 14. g4 b4 15. Ne2 d5 16. Ng3 Qb7 17. exd5 Bxd5 18. Qe2 Ne4 19. Bxe4 Bxe4 20. Bd4 Bc6 21. Nh5 f6 22. Qxe6+ Rf7 23. f5 Rd8 24. c3 Bd5 25. Qe3 Qc6 26. Nf4 Bd6 27. Nxd5 Qxd5 28. Qe6 Qxe6 29. fxe6 Re7 30. Re2 Rde8 31. Rae1 bxc3 32. bxc3 Be5 33. Bxe5 Rxe6 34. Kf2 fxe5 35. Re4 Kf7 36. Rd1 Rc8 37. c4 Kf6 38. Rd5 Rb8 39. h4 Rb2+ 40. Re2 Rb4 41. Re4 Ra4 42. Rd2 Rc6 43. Rc2 Rc5 44. Ke2 h5 45. gxh5 Kf5 46. Kf3 Ra3+ 47. Re3 e4+ 48. Ke2 Ra4 49. Rg3 Kf4 50. Rxg7 Rxh5 51. c5 Rxh4 52. Rg2 Rh7 53. c6 Rc7 54. Rg8 Ke5 55. Rd8 Ke6 56. Ke3 Rb4 57. Rh8 Rb6 58. Rh6+ Kd5 59. Rh5+ Ke6 60. Kxe4 Rbxc6 1/2-1/2